000 00625nam a2200229 i 4500
001 102217
003 ES-MaACL
005 20250525063038.0
007 t|
008 051107s1986 sp ||||1| spa d
020 _a84-233-1498-7
100 1 _aMendoza, Eduardo,
_d1943-
_9240676
245 1 0 _aNueva York /
_cEduardo Mendoza.
250 _a1ยช ed.
260 _aBarcelona :
_bDestino,
_c1986.
300 _a161 p. :
_bil. ;
_c20 cm.
490 1 _aLas ciudades ;
_v1
504 _aIndices.
830 0 _aLas ciudades ;
_v1
_9181277
852 _aES-MaACL
_jL-11267
_bR.112838
999 _c102217
_d102217